<?xml version="1.0" encoding="UTF-8"?>
<record
    xmlns:xsi="http://www.w3.org/2001/XMLSchema-instance"
    xsi:schemaLocation="http://www.loc.gov/MARC21/slim http://www.loc.gov/standards/marcxml/schema/MARC21slim.xsd"
    xmlns="http://www.loc.gov/MARC21/slim">

  <leader>00594nam a2200181 u 4500</leader>
  <datafield tag="999" ind1=" " ind2=" ">
    <subfield code="c">7944</subfield>
    <subfield code="d">7944</subfield>
  </datafield>
  <controlfield tag="001">991061186676506706</controlfield>
  <controlfield tag="003">OSt</controlfield>
  <controlfield tag="005">20240930124228.0</controlfield>
  <controlfield tag="008">      s2021    xx      r     000 0 cat d</controlfield>
  <datafield tag="020" ind1=" " ind2=" ">
    <subfield code="a">9788410161177</subfield>
  </datafield>
  <datafield tag="040" ind1=" " ind2=" ">
    <subfield code="a">CDMR</subfield>
    <subfield code="b">cat</subfield>
    <subfield code="c">CDMR</subfield>
  </datafield>
  <datafield tag="100" ind1=" " ind2=" ">
    <subfield code="a">Salicr&#xFA;-Maltas, Maria</subfield>
    <subfield code="9">4976</subfield>
  </datafield>
  <datafield tag="245" ind1=" " ind2=" ">
    <subfield code="a">Aquesta can&#xE7;&#xF3;, no! </subfield>
    <subfield code="b">: [cara a cara amb els censors de la Nova Can&#xE7;&#xF3;] </subfield>
    <subfield code="c">/ Maria Salicr&#xFA;-Maltas ; pr&#xF2;leg de Pl&#xE0;cid Garcia-Planas</subfield>
  </datafield>
  <datafield tag="260" ind1=" " ind2=" ">
    <subfield code="a">Barcelona : </subfield>
    <subfield code="b">Comanegra, </subfield>
    <subfield code="c">2024</subfield>
  </datafield>
  <datafield tag="300" ind1=" " ind2=" ">
    <subfield code="a">318 p&#xE0;gines</subfield>
  </datafield>
  <datafield tag="650" ind1=" " ind2="0">
    <subfield code="9">2723</subfield>
    <subfield code="a">Censura</subfield>
    <subfield code="z">Catalunya</subfield>
    <subfield code="y">1958-1978</subfield>
  </datafield>
  <datafield tag="942" ind1=" " ind2=" ">
    <subfield code="2">udc</subfield>
    <subfield code="c">MON</subfield>
  </datafield>
  <datafield tag="952" ind1=" " ind2=" ">
    <subfield code="0">0</subfield>
    <subfield code="1">0</subfield>
    <subfield code="4">0</subfield>
    <subfield code="7">0</subfield>
    <subfield code="a">CDMR</subfield>
    <subfield code="b">CDMR</subfield>
    <subfield code="d">2024-09-30</subfield>
    <subfield code="e">Donaci&#xF3;</subfield>
    <subfield code="g">20.90</subfield>
    <subfield code="l">2</subfield>
    <subfield code="m">1</subfield>
    <subfield code="o">Cg 7/14</subfield>
    <subfield code="p">CDMR24090013</subfield>
    <subfield code="r">2025-01-07</subfield>
    <subfield code="s">2024-12-02</subfield>
    <subfield code="w">2024-09-30</subfield>
    <subfield code="y">MON</subfield>
  </datafield>
</record>
